Esperando la carroza

Mamá Cora, muy cerca ya de los ochenta años, tiene tres hijos y una hija. Vive con uno de ellos, que pasa serios apuros económicos. Un día la familia se reúne para celebrar una comida de aniversario, y es en ese momento cuando se plantea el gran dilema: ¿Quién se hará cargo de ella llevándosela a su...

Descripción completa

Guardado en:
Autor Principal: Doria, Alejandro.
Autor Corporativo: Rosafrey.
Otros Autores: Langsner, Jacobo; Guion., Brunelli, Feliciano; Música., Saborido, Pedro;​ Sonido., Brandoni, Luis; Reparto., Zorrilla, China; Reparto., Gasalla, Antonio; Reparto., Blum, Betiana; Reparto., Tenuta, Juan Manuel; Reparto., Tenuta, Andrea; Reparto., Grandinetti, Darío; Reparto., Rossetto, Cecilia; Reparto., Pinti, Enrique; Reparto.
Formato: Deslizar
Idioma:Undetermined
Publicado: Argentina, 1985.
Materias:
Etiquetas: Agregar Etiqueta
Sin Etiquetas, Sea el primero en etiquetar este registro!
LEADER 01579ngm a22003375a 4500
001 CEM.cems020996
008 240409s1985####xx#---############vlund#d
005 20240409160521.0
245 1 0 |a Esperando la carroza  |h [videograbación] /  |c Alejandro Doria. 
260 |a Argentina,  |c 1985. 
300 |a 90'. 
520 |a Mamá Cora, muy cerca ya de los ochenta años, tiene tres hijos y una hija. Vive con uno de ellos, que pasa serios apuros económicos. Un día la familia se reúne para celebrar una comida de aniversario, y es en ese momento cuando se plantea el gran dilema: ¿Quién se hará cargo de ella llevándosela a su casa? El peliagudo asunto se complica cuando reciben la noticia de que la anciana se ha tirado a la vía del tren. 
590 |a Identificación anterior: 409 
538 |a Soporte: DVD -- Formato: AVI – Peso: 699mb -- Resolución: 576 x 384 -- 29.97 fps 
100 1 |a Doria, Alejandro. 
700 1 |a Langsner, Jacobo; Guion. 
700 1 |a Brunelli, Feliciano; Música. 
700 1 |a Saborido, Pedro;​ Sonido. 
700 1 |a Brandoni, Luis; Reparto. 
700 1 |a Zorrilla, China; Reparto. 
700 1 |a Gasalla, Antonio; Reparto. 
700 1 |a Blum, Betiana; Reparto. 
700 1 |a Tenuta, Juan Manuel; Reparto. 
700 1 |a Tenuta, Andrea; Reparto. 
700 1 |a Grandinetti, Darío; Reparto. 
700 1 |a Rossetto, Cecilia; Reparto. 
700 1 |a Pinti, Enrique; Reparto. 
710 2 |a Rosafrey. 
653 |a LARGOMETRAJE 
653 |a FICCION 
859 |a CEMS  |b BIB. CEMS - Depto. Recursos Didacticos  |h 778.5  |i DOR-1  |k DRD  |p 3343.24  |t Ej.1